REKLAMA AKO NÁSTROJ OVPLYVŇOVANIA NÁKUPNÉHO SPRÁVANIA ZÁKAZNÍKOV

Gespeichert in:
Bibliographische Detailangaben
1. Verfasser: Dubeňová, Barbora (Verfasst von)
Weitere Verfasser: Plchová, Jana (Betreuung Doktorarbeit)
Format: Manuskript Buch
Sprache:Slowakisch
Veröffentlicht: 2016
Schlagworte:
Online-Zugang:http://is.stuba.sk/zp/portal_zp.pl?podrobnosti=135462
Tags: Tag hinzufügen
Keine Tags, Fügen Sie das erste Tag hinzu!

MARC

LEADER 00000ntm a22000003a 4500
001 stuzp58426
003 SK-STU
005 20160719155548.6
007 ta
008 150427s2015----xo-----f-mn---000-0-slo-d
040 |a STU  |b slo 
041 0 |a slo 
100 1 |a Dubeňová, Barbora  |u 902024  |4 aut  |U Ústav manažmentu STU  |T ÚM - Oddelenie manažmentu chemických a potravinárskych technológií  |X 63866  |U R2024  |Y 408  |7 63866 
242 0 1 |a Advertising Campaign as Tool of Affection of Shopping Behavior of the Customers  |y eng 
245 1 0 |a REKLAMA AKO NÁSTROJ OVPLYVŇOVANIA NÁKUPNÉHO SPRÁVANIA ZÁKAZNÍKOV 
260 |c 2016 
650 4 |a marketing  |2 slo 
650 4 |a marketingový mix  |2 slo 
650 4 |a reklamná kampaň  |2 slo 
650 4 |a analýza  |2 slo 
650 4 |a Zlatý Bažant  |2 slo 
650 4 |a marketing mix  |2 eng 
650 4 |a advertising campaign  |2 eng 
650 4 |a analysis  |2 eng 
650 4 |a Zlaty Bazant  |2 eng 
650 4 |a marketing  |2 eng 
700 1 |a Plchová, Jana  |u 902024  |k Z1  |4 ths  |U Ústav manažmentu STU  |T ÚM - Oddelenie manažmentu chemických a potravinárskych technológií  |X 1766  |U R2024  |Y 408  |7 A000001766 
856 4 |u http://is.stuba.sk/zp/portal_zp.pl?podrobnosti=135462 
SQL |a stuzp58426  |b DBP  |c SLO  |d REKLAMA AKO NÁSTROJ OVPLYVŇOVANIA NÁKUPNÉHO SPRÁVANIA ZÁKAZNÍKOV  |e 63866  |f Dubeňová, Barbora  |g 902024  |h 1766  |i Plchová, Jana  |j 20160712  |k 1925  |l 04  |m http://is.stuba.sk/zp/portal_zp.pl?podrobnosti=135462  |n B-AIMCHP  |o 5.2.14. automatizácia, 5.2.52. priemyselné inžinierstvo